000 01229cam a2200277 i 4500
003 SA-RiAUC
005 20251222140150.0
008 251201s1966 sy g 000r0cara c
040 _aSA-RiAUC
_bara
_cSA-RiAUC
_erda
043 _af-ly---
082 0 4 _a929.7
090 _a929.7
_bط ر ا
100 1 _aالطرابلسي، عبد المالك بن عبد القادر بن علي،
_d1318-1416 هجري
_eمؤلف.
245 1 2 _aالفوائد الجليلة في تاريخ العائلة السنوسية الحاكمة في ليبيا /
_cلمؤلفها وجامعها عبد المالك بن عبد القادر بن علي.
264 1 _a[مكان النشر غير محدد] :
_b[الناشر غير محدد]،
_c[1966]
264 3 _aدمشق :
_bمطبعة دار الجزائر العربية
300 _aمجلد ؛
_c24 سم
336 _aنص
_btxt
_2rdacontent
_3كتاب
337 _aبدون وسيط
_bn
_2rdamedia
338 _aمجلد
_bnc
_2rdacarrier
600 3 7 _aآل السنوسي
_2aucnm
650 7 _aالأنساب العربية
_zليبيا
_2aucsh
651 7 _aليبيا
_xملوك وحكام
_vتراجم
_2aucsh
942 _2ddc
_cBOOK
_n0
949 _aSA-JeALM
_d251201
_umohamedma123
_n1
999 _c13643
_d13643